000 00338nam a22001337a 4500
008 170714b xxu||||| |||| 00| 0 eng d
020 _a9780131921320
041 _aeng
080 _a038
100 _a24
101 _aFJA
245 _aDICTIONARY OF AMERICAN CRIMINAL JUSTICE, CRIMINOLOGY & CRIMINAL LAW
_cFALCONE,D.N
942 _2udc
_cBK
999 _c20846
_d20846